00647cam a22001692 4500001001100000005001700011008004100028020002800069040001500097050001600112100003500128245010400163260008000267300003400347504005100381650004500432000000291920151217151908.0070423s xx 000 0 eng d a033399552X :cKES 4,550 aKABUcKABU 0aHG173b.D581 aDiVanna, Joseph A.@000015078910aRedefining financial services :bthe new renaissance in value propositions /cby Joseph A. DiVanna. aHoundmills, Basingstoke, Hampsire :aNew York :bPalgrave Macmillan,c2002. axvi, 264 p. :bill. ;c25 cm. aIncludes bibliographical references and index. 0aFinancail services industry.@0000152422